000 00826nam a2200241 a 4500
001 000024077
005 20200930022711.0
008 110118s1969 ve 000 0 spa d
040 _aDO-SdBNP
_bspa
_cBNPHU
041 1 7 _aspa
_hger
_2Código de idiomas MARC
082 _ann*
_bnn*
100 1 _aLandgrebe, Ludwig.
_949467
240 1 0 _aPhilosophie der gegenwart.
_lEspañol
245 1 3 _aLa filosofía actual :
_bensayos /
_cLudwig Landgrebe ; traducción Norberto Silvetti Paz.
260 _aCaracas :
_bMonte Avila,
_c1969.
300 _a207 p. ;
_c19 cm.
490 1 _aEstudios
534 _aTítulo original :
_tPhilosophie der gegenwart
500 _aIncluye referencias bibliográficas y notas al pie de las páginas.
700 1 _aSilvetti Paz, Norberto,
_etr.
_941616
830 0 _aEstudios
_93854
049 _aBNGR
999 _c23572
_d23572